000 00598nam a2200229Ia 4500
003 OSt
005 20220926004630.0
006 a|||||r|||| 00| 0
007 ta
008 220923b |||||||| |||| 00| 0 eng d
020 _a9788129112835
037 _cGeneral Book
040 _aRTL
_cRTL
_beng
041 _2eng
_aeng
082 _aY9(L:4234), P8
100 _aKHULLAR Rajesh
_9309045
245 0 _aViral match
260 _a New Delhi
_bRupa
_c2008
300 _axiv,280p
_ccm.
942 _hY9(L:4234), P8
_cGB
_2CC
999 _c611843
_d611843